Leading works in legal ethics / (Record no. 33477)
[ view plain ]
| 000 -LEADER | |
|---|---|
| fixed length control field | 03810cam a2200349 i 4500 |
| 001 - CONTROL NUMBER | |
| control field | 23227104 |
| 003 - CONTROL NUMBER IDENTIFIER | |
| control field | OSt |
| 005 - DATE AND TIME OF LATEST TRANSACTION | |
| control field | 20260422103805.0 |
| 006 - FIXED-LENGTH DATA ELEMENTS--ADDITIONAL MATERIAL CHARACTERISTICS | |
| fixed length control field | m |o d | |
| 008 - FIXED-LENGTH DATA ELEMENTS--GENERAL INFORMATION | |
| fixed length control field | 260420b |||||||| |||| 00| 0 eng d |
| 010 ## - LIBRARY OF CONGRESS CONTROL NUMBER | |
| LC control number | 2023008998 |
| 020 ## - INTERNATIONAL STANDARD BOOK NUMBER | |
| International Standard Book Number | 9781003015093 |
| Qualifying information | (ebook) |
| 020 ## - INTERNATIONAL STANDARD BOOK NUMBER | |
| Canceled/invalid ISBN | 9780367857882 |
| Qualifying information | (hardback) |
| 020 ## - INTERNATIONAL STANDARD BOOK NUMBER | |
| Canceled/invalid ISBN | 9781032539553 |
| Qualifying information | (paperback) |
| 035 ## - SYSTEM CONTROL NUMBER | |
| System control number | 23227104 |
| 040 ## - CATALOGING SOURCE | |
| Original cataloging agency | MMARA-U |
| Language of cataloging | eng |
| Transcribing agency | MMARA-U |
| Description conventions | MMARA-U |
| Modifying agency | MMARA-U |
| 050 ## - LIBRARY OF CONGRESS CALL NUMBER | |
| Classification number | K 123 .L43 2024 |
| 245 00 - TITLE STATEMENT | |
| Title | Leading works in legal ethics / |
| Statement of responsibility, etc. | edited by Julian Webb. |
| 250 ## - EDITION STATEMENT | |
| Edition statement | First edition. |
| 260 ## - PUBLICATION, DISTRIBUTION, ETC. (IMPRINT) | |
| Place of publication, distribution, etc. | New York, NY : |
| Name of publisher, distributor, etc. | Routledge, |
| Date of publication, distribution, etc. | 2024 |
| 264 #1 - PRODUCTION, PUBLICATION, DISTRIBUTION, MANUFACTURE, AND COPYRIGHT NOTICE | |
| Place of production, publication, distribution, manufacture | Abingdon, Oxon [UK] ; |
| -- | New York, NY : |
| Name of producer, publisher, distributor, manufacturer | Routledge, |
| Date of production, publication, distribution, manufacture, or copyright notice | 2024. |
| 504 ## - BIBLIOGRAPHY, ETC. NOTE | |
| Bibliography, etc | Includes bibliographical references and index. |
| 505 0# - FORMATTED CONTENTS NOTE | |
| Formatted contents note | Introduction : surfing the waves of legal ethics scholarship / Julian Webb and Nicola Hard -- Community, goodness, and solidarity in legal ethics / W Bradley Wendel -- The lost lawyer regained-virtue, liberalism, and citizenship in lawyers' ethics / Reid Mortensen -- Human dignity as the ground of legal ethics : the lawyer's role revisited, from Luban to Levinas / Julian Webb -- Back to basics, and beyond belief : the radical re-valuation project of the new standard conception / Rob Atkinson -- The fragility of legal ethics : on the role of theory, lawyerly virtues, and moral remainders in the life of a good lawyer / Iris van Domselaar -- Repentence : did Atticus defend Jim Crow? / Tim Dare -- The ghost of the profession's past / Rebecca Roiphe -- In search of public interest lawyering : what does it take to give practical content to better professional norms? / Richard Moorhead and Steven Vaughan -- Race matters : white dispatches from the professional front / Allan C Hutchinson -- Revisiting Stanley Milgram's obedience to authority : an engaged followership perspective on legal ethics / Tigran W Eldred -- James Rest's Four component model (FCM) : a case for its central place in legal ethics / Justine Rogers and Hugh Breakey -- Not the end of lawyers, but a beginning-the place of entrepreneurship and innovation in legal ethics / Renee Knake Jefferson and Russell G. Pearce. |
| 520 ## - SUMMARY, ETC. | |
| Summary, etc. | "This volume reviews and takes stock of legal ethics, at a time when the legal profession globally is experiencing considerable change and challenges, through a re-evaluation of writings that are in some way foundational to the field. Legal ethics, understood here as the study of the ethics and professional regulation of lawyers, has emerged as a novel and important field of study over the last 50 years. It is also one that displays considerable diversity in its scholarship, with distinctive philosophical and interdisciplinary approaches emerging over the years to underpin and supplement the doctrinal 'law on lawyering'. With contributions from leading and emerging scholars from the United States, Australia, Canada, the Netherlands, New Zealand and the United Kingdom, this collection offers not just critical insights into the authors' chosen texts, but a thought-provoking commentary on the current state of legal ethics scholarship and its future directions. In addition to being an essential resource for scholars and students of legal ethics theory, it will also be of interest to academics and researchers in legal theory, the philosophy of law, and applied ethics"-- |
| Assigning source | Provided by publisher. |
| 588 ## - SOURCE OF DESCRIPTION NOTE | |
| Source of description note | Description based on print version record. |
| 650 #0 - SUBJECT ADDED ENTRY--TOPICAL TERM | |
| Topical term or geographic name as entry element | Legal ethics. |
| 9 (RLIN) | 2973 |
| 650 #0 - SUBJECT ADDED ENTRY--TOPICAL TERM | |
| Topical term or geographic name as entry element | Lawyers. |
| 9 (RLIN) | 2974 |
| 650 #0 - SUBJECT ADDED ENTRY--TOPICAL TERM | |
| Topical term or geographic name as entry element | Practice of law. |
| 9 (RLIN) | 2975 |
| 700 1# - ADDED ENTRY--PERSONAL NAME | |
| Personal name | Webb, Julian S., |
| Relator term | editor. |
| 9 (RLIN) | 2976 |
| 776 08 - ADDITIONAL PHYSICAL FORM ENTRY | |
| Relationship information | Print version: |
| Title | Leading works in legal ethics |
| Edition | First edition. |
| Place, publisher, and date of publication | Abingdon, Oxon [UK] ; New York, NY : Routledge, 2023 |
| International Standard Book Number | 9780367857882 |
| Record control number | (DLC) 2023008997 |
| 942 ## - ADDED ENTRY ELEMENTS (KOHA) | |
| Source of classification or shelving scheme | Library of Congress Classification |
| Koha item type | L |
| Withdrawn status | Lost status | Source of classification or shelving scheme | Damaged status | Not for loan | Home library | Current library | Date acquired | Source of acquisition | Cost, normal purchase price | Total Checkouts | Full call number | Barcode | Date last seen | Price effective from | Koha item type |
|---|---|---|---|---|---|---|---|---|---|---|---|---|---|---|---|
| Library of Congress Classification | Maasai Mara University Library -Main Campus | Maasai Mara University Library -Main Campus | 04/20/2026 | Donation | 9049.14 | K 123 .L43 2024 | 26040822 | 04/20/2026 | 04/20/2026 | L |